Sports Quiz

Random Sports or Soccer Quiz
Score 0/65 Timer 05:00
1 Play Today
Year Team % Correct
2019FC Midtjylland
96.9%
2018Brøndby IF
96.7%
2017FC København
95.5%
1989Brøndby IF
95%
1994Brøndby IF
95%
1998Brøndby IF
95%
2003Brøndby IF
95%
2005Brøndby IF
95%
2008Brøndby IF
95%
2016FC København
94.5%
2015FC København
93.8%
1995FC København
93.7%
1997FC København
93.7%
2004FC København
93.7%
2009FC København
93.7%
2012FC København
93.7%
1966Aalborg BK
91.9%
1970Aalborg BK
91.9%
2014Aalborg BK
91.9%
1955Aarhus GF
87.8%
1957Aarhus GF
87.8%
1960Aarhus GF
87.8%
1961Aarhus GF
87.8%
1965Aarhus GF
87.8%
1987Aarhus GF
87.8%
1988Aarhus GF
87.8%
1992Aarhus GF
87.8%
1996Aarhus GF
87.8%
1983Odense BK
86%
1991Odense BK
86%
1993Odense BK
86%
2002Odense BK
86%
2007Odense BK
86%
Year Team % Correct
1964Esbjerg fB
82.4%
1976Esbjerg fB
82.4%
2013Esbjerg fB
82.4%
2010FC Nordsjælland
80.2%
2011FC Nordsjælland
80.2%
2006Randers FC
74.8%
1958Vejle BK
68%
1959Vejle BK
68%
1972Vejle BK
68%
1975Vejle BK
68%
1977Vejle BK
68%
1981Vejle BK
68%
2001Silkeborg IF
67.6%
1969Kjøbenhavns Boldklub
63.5%
1984Lyngby BK
61.3%
1985Lyngby BK
61.3%
1990Lyngby BK
61.3%
2000Viborg FF
58.6%
1979Boldklubben 1903
47.7%
1986Boldklubben 1903
47.7%
1962Boldklubben 1909
47.3%
1971Boldklubben 1909
47.3%
1999Akademisk Boldklub
46.4%
1982Boldklubben af 1893
45.5%
1956BK Frem
43.2%
1978BK Frem
43.2%
1980Hvidovre IF
35.1%
1963Boldklubben 1913
27%
1967Randers SK Freja
19.8%
1968Randers SK Freja
19.8%
1973Randers SK Freja
19.8%
1974Vanløse IF
11.7%

You're not logged in!

Compare scores with friends on all Sporcle quizzes.
OR
Log In

Sporcle TV

Today on Sporcle TV


Watch our educational content, quiz creation guides, and fun videos on Sporcle TV.

Show Comments

Extras

Top Quizzes Today


Score Distribution

Paid Content

Your Account Isn't Verified!

In order to create a playlist on Sporcle, you need to verify the email address you used during registration. Go to your Sporcle Settings to finish the process.

Report this User

Report this user for behavior that violates our Community Guidelines.

Details: